| 000 | 01198cam a2200361 a 4500 | ||
|---|---|---|---|
| 999 |
_c232848 _d232848 |
||
| 001 | 17490819 | ||
| 003 | Nust | ||
| 005 | 20170223163709.0 | ||
| 007 | ta | ||
| 008 | 120523s2012 ii af 001 0beng d | ||
| 010 | _a 2012337612 | ||
| 020 | _a9788174368942 (pbk.) | ||
| 020 | _a8174368949 (pbk.) | ||
| 025 | _aI-E-2012-337612; 69-92 | ||
| 035 | _a(OCoLC)ocn794639821 | ||
| 035 | _a(OCoLC)794639821 | ||
| 037 | _aLibrary of Congress -- New Delhi Overseas Office | ||
| 040 |
_aDKAGE _beng _cDKAGE _dDLC |
||
| 042 |
_alccopycat _alcode |
||
| 043 | _aa-ii--- | ||
| 050 | 0 | 0 |
_aHV6430.I27 _bZ35 2012 |
| 082 | 0 | 4 |
_a303.62509 _bZAI |
| 100 | 1 | _aZaidi, S. Hussain. | |
| 245 | 1 | 0 |
_aDongri to Dubai : _bsix decades of the Mumbai mafia / _cS. Hussain Zaidi. |
| 260 |
_aNew Delhi : _bLotus Collection, _c2012. |
||
| 300 |
_axxi, 378 p., [8] p. of plates : _bill. ; _c22 cm. |
||
| 500 | _aIncludes index. | ||
| 600 | 1 | 0 |
_aIbrahim, Dawood, _d1955- |
| 650 | 0 |
_aTerrorists _zIndia _vBiography. |
|
| 650 | 0 |
_aTerrorism _zIndia. |
|
| 906 |
_a7 _bcbc _ccopycat _d3 _encip _f20 _gy-gencatlg |
||
| 942 |
_2ddc _cBK |
||